Correlación entre importaciones y exportaciones (Registro nro. 15044)

Detalles MARC
000 -LEADER
fixed length control field 00327 a2200109 4500
001 - CONTROL NUMBER
control field ART_7048
005 - DATE AND TIME OF LATEST TRANSACTION
control field 20260410161700.0
008 - FIXED-LENGTH DATA ELEMENTS--GENERAL INFORMATION
fixed length control field 260409a
100 1# - MAIN ENTRY--PERSONAL NAME
Personal name Bebczuk, Ricardo
245 10 - TITLE STATEMENT
Title Correlación entre importaciones y exportaciones
773 0# - HOST ITEM ENTRY
Title Ensayos Económicos
Related parts - Nº 52 (oct./dic. 2008)
Record control number REV620

No hay ítems disponibles.